Normal view
MARC view
Entry Personal Name
001 - CONTROL NUMBER
- control field: 7092
003 - CONTROL NUMBER IDENTIFIER
- control field: ARRUPE
005 - DATE AND TIME OF LATEST TRANSACTION
- control field: 20140124113531.0
008 - FIXED-LENGTH DATA ELEMENTS
- fixed length control field: 140124|| aca||aabn | a|a d
040 ## - CATALOGING SOURCE
- Original cataloging agency: ARRUPE
- Transcribing agency: ARRUPE
100 ## - HEADING--PERSONAL NAME
- Personal name: Mwanakatwe, J. M.
670 ## - SOURCE DATA FOUND
- Source citation: Work cat.: (ARRUPE): Mwanakatwe, J. M., The Growth of education in Zambia since independence, 1968